Leyes N§ 18.401 a la 18.425 aprobadas bajo la Constitución de 1980

Αποθηκεύτηκε σε:
Λεπτομέρειες βιβλιογραφικής εγγραφής
Μορφή: Βιβλίο
Γλώσσα:Ισπανικά
Έκδοση: Santiago Jurídica de Chile 1985
Σειρά:Textos Legales, 97
Θέματα:
Ετικέτες: Προσθήκη ετικέτας
Δεν υπάρχουν, Καταχωρήστε ετικέτα πρώτοι!

MARC

LEADER 00000nam a2200000 a 4500
001 UCR0789
003 CL-VaPUC
008 971205e19850000CL |||||||||||||||||spa|d
082 0 4 |a 348.022  |b LEY  |2 21 
245 1 0 |a Leyes N§ 18.401 a la 18.425 aprobadas bajo la Constitución de 1980 
300 |a 155 p 
942 |c BK 
945 |d 19971205 00:00:00  |a lriquelm 
260 |a Santiago  |b Jurídica de Chile  |c 1985 
650 7 |a LEGISLACION  |2 CL-VaPUC  |9 397145 
650 0 |a Leyes  |9 256670 
650 7 |a FUENTES  |2 CL-VaPUC  |9 255666 
650 7 |a DERECHO CHILENO  |2 CL-VaPUC  |9 397146 
650 7 |a DECRETO CON FUERZA DE LEY  |2 CL-VaPUC  |9 358086 
651 7 |a CHILE  |2 CL-VaPUC  |9 397147 
583 |a last modification  |c 19971205 00:00:00  |k Rodrigo Vera 
490 0 |a Textos Legales, 97 
999 |c 264287  |d 264285 
952 |0 0  |1 0  |4 0  |6 348_022000000000000_LEY_1985  |7 0  |8 A  |9 294391  |a BIBDER  |b BIBDER  |d 2019-11-19  |i 1913883  |o 348.022 LEY 1985  |p 1913883  |r 2019-11-19  |w 2019-11-19  |y BK  |k DER